Guess the artist #3 - Statistics

General Stats
  • This quiz has been taken 27 times
  • The average score is 7 of 16
Answer Stats
Picture Answer % Correct
Drake
96%
2 Pac
87%
Jay Z
83%
Dr Dre
57%
DaBaby
43%
Ludacris
39%
Kid Cudi
35%
Swae Lee
35%
The Kid LAROI
35%
Coolio
30%
Fetty Wap
30%
Lil Mosey
30%
Travis Scott
30%
24KGoldn
22%
DMX
13%
Lupe Fiasco
4%
No matching quizzes found
Score Distribution
Percent of People with Each Score
Percentile by Number Answered
Your Score History
You have not taken this quiz